Wszystkie gminy w których byłem #1 - Statystyki

Ogólne statystyki
  • Ten quiz został rozwiązany 9 razy
  • Średni wynik to 37 z 496
Statystyki odpowiedzi
Państwo Województwo Powiat Gmina % Poprawnych
Polska dolnośląskie miasto na prawach powiatu Wrocław
75%
miasto na prawach powiatu Legnica
63%
mazowieckie miasto na prawach powiatu Warszawa
63%
lubiński Lubin
50%
wielkopolskie miasto na prawach powiatu Poznań
50%
miasto na prawach powiatu Wałbrzych
50%
pomorskie miasto na prawach powiatu Gdańsk
38%
miasto na prawach powiatu Gdynia
38%
głogowski Głogów
38%
jarociński Jarocin
38%
miasto na prawach powiatu Jelenia Góra
38%
miasto na prawach powiatu Kalisz
38%
kępiński Kępno
38%
kłodzki Kłodzko
38%
kolski Koło
38%
małopolskie miasto na prawach powiatu Kraków
38%
krotoszyński Krotoszyn
38%
oleśnicki Oleśnica
38%
opatowski Opatów
38%
ostrowski Ostrów Wielkopolski
38%
ostrzeszowski Ostrzeszów
38%
pleszewski Pleszew
38%
miasto na prawach powiatu Sopot
38%
śremski Śrem
38%
wągrowiecki Wągrowiec
38%
wołowski Wołów
38%
wolsztyński Wolsztyn
38%
bartoszycki Bartoszyce
25%
bełchatowski Bełchatów
25%
bialski | miasto na prawach powiatu Biała Podlaska
25%
białogardzki Białogard
25%
miasto na prawach powiatu Bielsko-Biała
25%
brzeski Brzeg
25%
chełmiński Chełmno
25%
chrzanowski Chrzanów
25%
śląskie miasto na prawach powiatu Częstochowa
25%
opolski Dąbrowa
25%
dzierżoniowski Dzierżoniów
25%
warmińsko-mazurskie miasto na prawach powiatu Elbląg
25%
gnieźnieński Gniezno
25%
górowski Góra
25%
gorlicki Gorlice
25%
gostyński Gostyń
25%
gryficki Gryfice
25%
iławski Iława
25%
jaworski Jawor
25%
kamiennogórski Kamienna Góra
25%
kamieński Kamień Pomorski
25%
kołobrzeski Kołobrzeg
25%
podkarpackie miasto na prawach powiatu Krosno
25%
nowodworski Krynica Morska
25%
kwidzyński Kwidzyn
25%
łęczycki Łęczyca
25%
lubartowski Lubartów
25%
lubelskie miasto na prawach powiatu Lublin
25%
malborski Malbork
25%
milicki Milicz
25%
opolskie namysłowski Namysłów
25%
miasto na prawach powiatu Nowy Sącz
25%
nyski Nysa
25%
oławski Oława
25%
olkuski Olkusz
25%
częstochowski Olsztyn
25%
poddębicki Poddębice
25%
polkowicki Polkowice
25%
miasto na prawach powiatu Radom
25%
rawicki Rawicz
25%
sandomierski Sandomierz
25%
sierpecki Sierpc
25%
starachowicki Starachowice
25%
świdnicki Świdnica
25%
świebodziński Świebodzin
25%
świecki Świecie
25%
szamotulski Szamotuły
25%
sztumski Sztum
25%
staszowski Szydłów
25%
szydłowiecki Szydłowiec
25%
miasto na prawach powiatu Tarnów
25%
tczewski Tczew
25%
trzebnicki Trzebnica
25%
słupski Ustka
25%
wielicki Wieliczka
25%
włoszczowski Włoszczowa
25%
wschowski Wschowa
25%
miasto na prawach powiatu Zamość
25%
zawierciański Zawiercie
25%
zgorzelecki Zgorzelec
25%
lubuskie miasto na prawach powiatu Zielona Góra
25%
złotoryjski Złotoryja
25%
żniński Żnin
25%
ząbkowicki Bardo
13%
kielecki Bodzentyn
13%
olkuski Bolesław
13%
bolesławiecki | wieruszowski Bolesławiec
13%
miasto na prawach powiatu Chorzów
13%
sławieński Darłowo
13%
kamieński Dziwnów
13%
elbląski Frombork
13%
gliwicki Gierałtowice
13%
tczewski Gniew
13%
inowrocławski Gniewkowo
13%
brzeski Grodków
13%
grodziski Grodzisk Mazowiecki
13%
krośnieński Gubin
13%
wrocławski Kąty Wrocławskie
13%
puławski Kazimierz Dolny
13%
kluczborski Kluczbork
13%
poznański Kórnik
13%
kolski Kościelec
13%
krośnieński Krosno Odrzańskie
13%
inowrocławski Kruszwica
13%
koniński Krzymów
13%
kłodzki Kudowa-Zdrój
13%
słupecki Lądek
13%
lwówecki Lwówek Śląski
13%
turecki Malanów
13%
puławski Nałęczów
13%
ostrowski Nowe Skalmierzyce
13%
nowodworski Nowy Dwór Gdański
13%
kaliski Opatówek
13%
kłodzki Polanica-Zdrój
13%
sławieński Postomino
13%
kolski Przedecz
13%
gliwicki Pyskowice
13%
gliwicki Rudziniec
13%
wschowski Sława
13%
sochaczewski Sochaczew
13%
gliwicki Sośnicowice
13%
średzki Środa Śląska
13%
nowosądecki Stary Sącz
13%
staszowski Staszów
13%
nowodworski Stegna
13%
słupecki Strzałkowo
13%
strzeliński Strzelin
13%
mogileński Strzelno
13%
piotrkowski Sulejów
13%
świdwiński Świdwin
13%
zachodniopomorskie miasto na prawach powiatu Świnoujście
13%
nowodworski Sztutowo
13%
gliwicki Toszek
13%
turecki Władysławów
13%
ząbkowicki Ząbkowice Śląskie
13%
miasto na prawach powiatu Zabrze
13%
jarociński Żerków
13%
ząbkowicki Złoty Stok
13%
tarnobrzeski Baranów Sandomierski
0%
kętrzyński Barciany
0%
kutnowski Bedlno
0%
koszaliński Będzino
0%
kazimierski Bejsce
0%
grójecki Belsk Duży
0%
opoczyński Białaczów
0%
gorlicki Biecz
0%
łowicki Bielawy
0%
oleśnicki Bierutów
0%
koszaliński Biesiekierz
0%
warszawski zachodni Błonie
0%
krośnieński Bobrowice
0%
wałbrzyski Boguszów-Gorce
0%
rawicki Bojanowo
0%
jaworski Bolków
0%
przysuski Borkowice
0%
strzeliński Borów
0%
kępiński Bralin
0%
żarski Brody
0%
gryficki Brojce
0%
wołowski Brzeg Dolny
0%
wołowski Brzeszcze
0%
kluczborski Byczyna
0%
nowosolski Bytom Odrzański
0%
kielecki Chęciny
0%
szydłowiecki Chlewiska
0%
kielecki Chmielnik
0%
polkowicki Chocianów
0%
legnicki Chojnów
0%
krośnieński Chorkówka
0%
aleksandrowski Ciechocinek
0%
ząbkowicki Ciepłowody
0%
ostrowiecki Ćmielów
0%
drawski Czaplinek
0%
wałbrzyski Czarny Bór
0%
pleszewski Czermin
0%
płoński Czerwińsk nad Wisłą
0%
krośnieński Dąbie
0%
bydgoski Dąbrowa Chełmińska
0%
kutnowski Dąbrowice
0%
słupski Damnica
0%
wrocławski Długołęka
0%
myślenicki Dobczyce
0%
olsztyński Dobre Miasto
0%
świdnicki Dobromierz
0%
oleśnicki Dobroszyce
0%
pleszewski Dobrzyca
0%
śremski Dolsk
0%
namysłowski Domaszowice
0%
bełchatowski Drużbice
0%
opoczyński Drzewica
0%
gołdapski Dubeninki
0%
krośnieński Dukla
0%
kłodzki Duszniki-Zdrój
0%
sandomierski Dwikozy
0%
oleśnicki Dziadowa Kłoda
0%
płocki Gąbin
0%
wieruszowski Galewice
0%
kwidzyński Gardeja
0%
żniński Gąsawa
0%
prudnicki Głogówek
0%
słupski Główczyce
0%
wałbrzyski Głuszyca
0%
elbląski Godkowo
0%
wągrowiecki Gołańcz
0%
kamieński Golczewo
0%
golubsko-dobrzyński Golub-Dobrzyń
0%
pleszewski Gołuchów
0%
łęczycki Góra Świętej Małgorzaty
0%
kielecki Górno
0%
bartoszycki Górowo Iławeckie
0%
tarnobrzeski Gorzyce
0%
kołobrzeski Gościno
0%
polkowicki Grębocice
0%
lwówecki Gryfów Śląski
0%
radomski Iłża
0%
opatowski Iwaniska
0%
strzelecki Izbicko
0%
parczewski Jabłoń
0%
częstochowski Janów
0%
karkonoski Janowice Wielkie
0%
puławski Janowiec
0%
bialski Janów Podlaski
0%
grójecki Jasieniec
0%
bielski Jaworze
0%
świdnicki Jaworzyna Śląska
0%
wałbrzyski Jedlina-Zdrój
0%
oławski Jelcz-Laskowice
0%
górowski Jemielno
0%
krakowski Jerzmanowice-Przeginia
0%
karkonoski Jeżów Sudecki
0%
wrocławski Jordanów Śląski
0%
biłgorajski Józefów
0%
rawicki Jutrosin
0%
ząbkowicki Kamieniec Ząbkowicki
0%
lubartowski Kamionka
0%
gryficki Karnice
0%
karkonoski Karpacz
0%
łowicki Kiernozia
0%
lipnowski Kikół
0%
wielicki Kłaj
0%
gnieźnieński Kłecko
0%
olkuski Klucze
0%
wrocławski Kobierzyce
0%
krotoszyński Kobylin
0%
słupski Kobylnica
0%
lubartowski Kock
0%
wrzesiński Kołaczkowo
0%
strzeliński Kondratowice
0%
częstochowski Koniecpol
0%
świętokrzyskie konecki Końskie
0%
bialski Konstantynów
0%
kętrzyński Korsze
0%
średzki Kostomłoty
0%
karkonoski Kowary
0%
skierniewicki Kowiesy
0%
kaliski Koźminek
0%
nowosolski Kożuchów
0%
włoszczowski Krasocin
0%
zawierciański Kroczyce
0%
milicki Krośnice
0%
legnicki Krotoszyce
0%
nowosądecki Krynica-Zdrój
0%
leszczyński Krzemieniewo
0%
sulęciński Krzeszyce
0%
śremski Książ Wielkopolski
0%
żniński Łabiszyn
0%
skarżyski Łączna
0%
dzierżoniowski Łagiewniki
0%
świebodziński Łagów
0%
legnicki Legnickie Pole
0%
lubański Leśna
0%
brzeski Lewin Brzeski
0%
lidzbarski Lidzbark Warmiński
0%
bocheński Lipnica Murowana
0%
opatowski Lipnik
0%
kielecki Łopuszno
0%
kamiennogórski Lubawka
0%
włocławski Lubień Kujawski
0%
sulęciński Lubniewice
0%
lwówecki Lubomierz
0%
świebodziński Lubrza
0%
żarski Lubsko
0%
łęczyński Ludwin
0%
łódzkie wieruszowski Lututów
0%
średzki Malczyce
0%
świdnicki Marcinowice
0%
kamiennogórski Marciszów
0%
jaworski Męcinka
0%
oleśnicki Międzybórz
0%
kamieński Międzyzdroje
0%
rawicki Miejska Górka
0%
średzki Miękinia
0%
wałbrzyski Mieroszów
0%
wągrowiecki Mieścisko
0%
wrocławski Mietków
0%
wrzesiński Miłosław
0%
lwówecki Mirsk
0%
starachowicki Mirzec
0%
kielecki Mniów
0%
grójecki Mogielnica
0%
ostródzki Morąg
0%
poznański Mosina
0%
jaworski Mściwojów
0%
karkonoski Mysłakowice
0%
pruszkowski Nadarzyn
0%
łowicki Nieborów
0%
górowski Niechlów
0%
myszkowski Niegowa
0%
dzierżoniowski Niemcza
0%
opolski Niemodlin
0%
wielicki Niepołomice
0%
kłodzki Nowa Ruda
0%
kielecki Nowa Słupia
0%
proszowicki Nowe Brzesko
0%
nowosolski Nowe Miasteczko
0%
grójecki Nowe Miasto nad Pilicą
0%
kutnowski Nowe Ostrowy
0%
bolesławiecki Nowogrodziec
0%
bocheński Nowy Wiśnicz
0%
trzebnicki Oborniki Śląskie
0%
szamotulski Obrzycko
0%
zawierciański Ogrodzieniec
0%
dąbrowski | oleski Olesno
0%
ostrołęcki Olszewo-Borki
0%
lubański Olszyna
0%
kazimierski Opatowiec
0%
ciechanowski Opinogóra Górna
0%
kutnowski Oporów
0%
lidzbarski Orneta
0%
szydłowiecki Orońsko
0%
nowodworski Ostaszewo
0%
nyski Otmuchów
0%
opatowski Ożarów
0%
buski Pacanów
0%
gostyniński Pacyna
0%
nyski Paczków
0%
rawicki Pakosław
0%
nyski Pakosławice
0%
elbląski Pasłęk
0%
jaworski Paszowice
0%
tczewski Pelplin
0%
gostyński Pępowo
0%
łęczycki Piątek
0%
karkonoski Piechowice
0%
kielecki Piekoszów
0%
złotoryjski Pielgrzymka
0%
dzierżoniowski Pieszyce
0%
raciborski Pietrowice Wielkie
0%
zawierciański Pilica
0%
gryficki Płoty
0%
karkonoski Podgórzyn
0%
gostyński Pogorzela
0%
koszaliński Polanów
0%
świdwiński Połczyn-Zdrój
0%
zwoleński Policzna
0%
kędzierzyńsko-kozielski Polska Cerekiew
0%
gostyński Poniec
0%
słupecki Powidz
0%
trzebnicki Prusice
0%
strzeliński Przeworno
0%
kartuski Przodkowo
0%
ostrowski Przygodzice
0%
kłodzki Radków
0%
żyrardowski Radziejowice
0%
grudziądzki Radzyń Chełmiński
0%
radzyński Radzyń Podlaski
0%
kielecki Raków
0%
kędzierzyńsko-kozielski Reńska Wieś
0%
łobeski Resko
0%
kętrzyński Reszel
0%
gryficki Rewal
0%
bialski Rokitno
0%
lubiński Rudna
0%
raciborski Rudnik
0%
legnicki Ruja
0%
przysuski Rusinów
0%
elbląski Rychliki
0%
leszczyński Rydzyna
0%
kołobrzeski Rymań
0%
wąbrzeski Ryńsk
0%
gostyniński Sanniki
0%
łosicki Sarnaki
0%
lubiński Ścinawa
0%
gorlicki Sękowa
0%
nowosolski Siedlisko
0%
lipski Sienno
0%
będziński Siewierz
0%
krakowski Skała
0%
brzeski Skarbimierz
0%
sulęciński Słońsk
0%
płocki Słubice
0%
słupski Smołdzino
0%
jędrzejowski Sobków
0%
wrocławski Sobótka
0%
ostrowski Sośnie
0%
łęczyński Spiczyn
0%
karkonoski Stara Kamienica
0%
wałbrzyski Stare Bogaczowice
0%
sztumski Stary Dzierzgoń
0%
sztumski Stary Targ
0%
poznański Stęszew
0%
ząbkowicki Stoszowice
0%
zgierski Stryków
0%
świdnicki Strzegom
0%
mławski Strzegowo
0%
strzelecki Strzelce Opolskie
0%
krapkowicki Strzeleczki
0%
krotoszyński Sulmierzyce
0%
krakowski Sułoszowa
0%
tomaszowski Susiec
0%
iławski Susz
0%
świdnicki Świebodzice
0%
tarnogórski Świerklaniec
0%
złotoryjski Świerzawa
0%
kamieński Świerzno
0%
oleśnicki Syców
0%
wałbrzyski Szczawno-Zdrój
0%
zawierciański Szczekociny
0%
kaliski Szczytniki
0%
karkonoski Szklarska Poręba
0%
żagański Szprotawa
0%
poznański Tarnowo Podgórne
0%
sochaczewski Teresin
0%
elbląski Tolkmicko
0%
gryficki Trzebiatów
0%
opolski Tułowice
0%
opolski Turawa
0%
łódzki wschodni Tuszyn
0%
oleśnicki Twardogóra
0%
białogardzki Tychowo
0%
średzki Udanin
0%
poddębicki Uniejów
0%
włodawski Urszulin
0%
gorlicki Uście Gorlickie
0%
starachowicki Wąchock
0%
jaworski Wądroże Wielkie
0%
wałbrzyski Walim
0%
bolesławiecki Warta Bolesławiecka
0%
poddębicki Wartkowice
0%
górowski Wąsosz
0%
puławski Wąwolnica
0%
strzeliński Wiązów
0%
kujawsko-pomorskie sępoleński Więcbork
0%
krakowski Wielka Wieś
0%
żyrardowski Wiskitki
0%
trzebnicki Wisznia Mała
0%
bialski Wisznice
0%
gorzowski Witnica
0%
lwówecki Wleń
0%
zawierciański Włodowice
0%
złotoryjski Wojcieszów
0%
kluczborski Wołczyn
0%
sieradzki Wróblew
0%
pilski Wyrzysk
0%
grodziski Żabia Wola
0%
krakowski Zabierzów
0%
kielecki Zagnańsk
0%
złotoryjski Zagrodno
0%
iławski Zalewo
0%
świdnicki Żarów
0%
oświęcimski Zator
0%
trzebnicki Zawonia
0%
tarnogórski Zbrosławice
0%
krotoszyński | łowicki Zduny
0%
krapkowicki Zdzieszowice
0%
ząbkowicki Ziębice
0%
krakowski Zielonki
0%
drawski Złocieniec
0%
pińczowski Złota
0%
trzebnicki Żmigród
0%
wrocławski Żórawina
0%
zamojski Zwierzyniec
0%
kutnowski Żychlin
0%
radomszczański Żytno
0%
Nie znaleziono quizów pasujących do podanych kryteriów
Rozkład punktacji
Procent ludzi z każdym wynikiem
Percentyl według liczby udzielonych odpowiedzi
Twoja historia wyników
Nie rozwiązałeś tego quizu